Nomaïs dans Outer Wilds - Mort subite - Statistiques

Statistiques générales
  • Ce quiz a été pris 264 fois
  • Le résultat moyen est 7 sur 20
Answers on the Grid
Answers color-coded by a green-red scale on the quiz's grid according to % correct below.
Annona
Antigrav
Âtrebois
Avens
Banjo
Cassava
Chail
Clary
Cœlacanthe
Coleus
Conoy
Cornée
Cravité
Daz
Escall
Esker
Feldspath
Filix
Gabbro
Gossan
Guimauve
Hal
Léviathe
Mallow
Marn
Melorae
Mobius
Moraine
Plume
Poke
Porph
Privet
Pye
Ramie
Rièbeck
Rocaille
Rutile
Solanum
Spinelle
Spire
Tectite
Thatch
Tuf
Yarrow
 
Statistiques - réponses
Réponse % Correct
Annona
59%
Coleus
57%
Solanum
56%
Cassava
55%
Poke
52%
Pye
50%
Plume
39%
Daz
38%
Filix
34%
Avens
32%
Mallow
31%
Yarrow
30%
Melorae
29%
Escall
27%
Clary
26%
Conoy
25%
Thatch
25%
Privet
20%
Ramie
17%
Spire
13%
Aucun quiz correspondant
Distribution des résultats
% des personnes avec chaque résultat
Percentile par nombre de réponses
Votre historique - résultats
Vous n’avez pas pris ce quiz